|
|
|
|
| LEADER |
00000cam a2200000 7i4500 |
| 001 |
0000006246 |
| 002 |
000006743 |
| 005 |
20000330.0 |
| 020 |
|
|
|a 0875843670
|
| 090 |
0 |
0 |
|a 658.3128
|b KAT
|
| 100 |
1 |
|
|a Katzenbach, Jon R
|
| 245 |
1 |
4 |
|a The Wisdom of teams :
|b creating the high-performance organization
|c Jon R. Katzenbach and Douglas K. Smith
|
| 260 |
|
|
|a N.York :
|b McGraw-Hill ,
|c 1994
|
| 300 |
|
|
|a 291 . ;
|c 22cm.
|
| 490 |
0 |
|
|a Management Series
|
| 650 |
0 |
0 |
|a Work groups
|
| 700 |
1 |
|
|a Smith, Douglas K
|
| 999 |
|
|
|a 039041
|b BUKU
|c PINJAMAN
|e PERPUSTAKAAN KOMUNITI PETALING JAYA
|
| 999 |
|
|
|a 144792
|b BUKU
|c PINJAMAN
|e PERPUSTAKAAN KOMUNITI PETALING JAYA
|